|
|
|
|
| LEADER |
00000nam a2200000Ii 4500 |
| 001 |
DIGCOLMX0272 |
| 003 |
NyNyDIG |
| 007 |
cr ||||||||||| |
| 008 |
220125s2018 mx a ob 000 0 spa d |
| 006 |
m o d |
| 035 |
|
|
|a (OCoLC)1079000411
|
| 040 |
|
|
|a DGITA
|b eng
|e rda
|e pn
|c DGITA
|
| 020 |
|
|
|a 9786076284780
|q eBook
|
| 020 |
|
|
|z 9786076282526
|
| 043 |
|
|
|a e-ru---
|
| 050 |
1 |
4 |
|a DK295 ebook
|
| 082 |
1 |
4 |
|a 320.530947019
|
| 100 |
1 |
|
|a Matos Franco, Rainer María,
|e author.
|
| 245 |
1 |
0 |
|a Limbos rojizos :
|b la nostalgia por el socialismo en Rusia y el mundo poscomunista /
|c Rainer Matos Franco.
|
| 250 |
|
|
|a Primera edición electrónica.
|
| 264 |
|
1 |
|a Ciudad de México :
|b El Colegio de México,
|c 2018.
|
| 300 |
|
|
|a 1 online resource :
|b illustrations.
|
| 336 |
|
|
|a text
|b txt
|2 rdacontent
|
| 337 |
|
|
|a computer
|b c
|2 rdamedia
|
| 338 |
|
|
|a online resource
|b cr
|2 rdacarrier
|
| 347 |
|
|
|a text file
|2 rdaft
|
| 347 |
|
|
|b EPUB
|
| 490 |
1 |
|
|a Jornadas ;
|v 174
|
| 504 |
|
|
|a Includes bibliographical references.
|
| 588 |
0 |
|
|a Online resource; title from ePub title page (Digitalia, viewed January 25, 2021)
|
| 650 |
|
0 |
|a Communism
|z Russia (Federation)
|
| 650 |
|
0 |
|a Post-communism
|z Russia (Federation)
|
| 655 |
|
0 |
|a Electronic books.
|
| 791 |
2 |
|
|a Digitalia (Firm),
|e distributor.
|
| 793 |
0 |
|
|g Digitalia eBook Collection:
|a El Colegio de México
|
| 776 |
0 |
8 |
|i Print version:
|a Matos Franco, Rainer María.
|t Limbos rojizos.
|d Ciudad de México : El Colegio de México, 2018
|z 9786076282526
|
| 830 |
|
0 |
|a Jornadas ;
|v 174.
|
| 856 |
4 |
0 |
|3 Digitalia Hispánica
|u https://www.digitaliapublishing.com/a/105632/
|
| 910 |
|
|
|a Premium collection: 2022
|